[Event "Campeonato de España Rapid 2017"]
[Site "Linares"]
[Date "2017.08.13"]
[Round "6"]
[White "Silva Rodriguez, Fernando"]
[Black "Alonso Rosell, Alvar"]
[Result "0-1"]
[Board "18"]
[WhiteElo "2231"]
[WhiteCountry "ESP"]
[WhiteFideId "2215268"]
[WhiteEloChange "-3"]
[BlackTitle "GM"]
[BlackElo "2560"]
[BlackCountry "ESP"]
[BlackFideId "2270544"]
[BlackEloChange "1"]

1. d4 {[%clk 0:15:08]} d5 {[%clk 0:15:07]} 2. c4 {[%clk 0:15:11]} e6 {[%clk
0:15:11]} 3. Nf3 {[%clk 0:15:13]} Nf6 {[%clk 0:15:15]} 4. Nc3 {[%clk 0:15:16]}
Bb4 {[%clk 0:15:18]} 5. cxd5 {[%clk 0:15:19]} exd5 {[%clk 0:15:22]} 6. Bg5 {[%clk
0:15:23]} Qd6 {[%clk 0:13:52]} 7. Nd2 {[%clk 0:14:27]} c6 {[%clk 0:12:27]} 8. e3
{[%clk 0:14:16]} Bf5 {[%clk 0:11:08]} 9. Be2 {[%clk 0:12:49]} Ne4 {[%clk
0:09:44]} 10. Bf4 {[%clk 0:11:23]} Qg6 {[%clk 0:08:22]} 11. Ndxe4 {[%clk
0:10:33]} Bxe4 {[%clk 0:07:37]} 12. Bf3 {[%clk 0:09:08]} Bxf3 {[%clk 0:07:22]}
13. gxf3 {[%clk 0:08:27]} Bxc3+ {[%clk 0:07:06]} 14. bxc3 {[%clk 0:08:30]} Nd7
{[%clk 0:07:04]} 15. Ke2 {[%clk 0:08:21]} O-O {[%clk 0:06:51]} 16. Rg1 {[%clk
0:08:11]} Qe6 {[%clk 0:06:55]} 17. Qd3 {[%clk 0:08:05]} Rfe8 {[%clk 0:06:54]} 18.
a4 {[%clk 0:08:03]} b6 {[%clk 0:04:35]} 19. Rg4 {[%clk 0:07:56]} Nf8 {[%clk
0:04:33]} 20. Rag1 {[%clk 0:07:51]} Ng6 {[%clk 0:04:28]} 21. Kf1 {[%clk 0:07:25]}
Re7 {[%clk 0:03:07]} 22. h4 {[%clk 0:06:37]} f5 {[%clk 0:02:24]} 23. Rg5 {[%clk
0:03:55]} Nxf4 {[%clk 0:02:26]} 24. exf4 {[%clk 0:03:57]} Rf7 {[%clk 0:02:27]}
25. Qe3 {[%clk 0:03:42]} Re8 {[%clk 0:02:15]} 26. Qe5 {[%clk 0:03:43]} Kh8 {[%clk
0:00:12]} 27. h5 {[%clk 0:03:06]} Qc8 {[%clk 0:00:14]} 28. Qd6 {[%clk 0:02:07]}
Re6 {[%clk 0:00:19]} 29. Qb4 {[%clk 0:01:56]} Qe8 {[%clk 0:00:23]} 30. Kg2 {[%clk
0:01:56]} h6 {[%clk 0:00:27]} 31. Rg3 {[%clk 0:01:51]} Rfe7 {[%clk 0:00:32]} 32.
Qb1 {[%clk 0:01:39]} Qxh5 {[%clk 0:00:28]} 33. Rh1 {[%clk 0:01:43]} Qf7 {[%clk
0:00:30]} 34. Rg5 {[%clk 0:01:47]} Rf6 {[%clk 0:00:28]} 35. Rhh5 {[%clk 0:01:49]}
Kg8 {[%clk 0:00:17]} 36. Rxf5 {[%clk 0:01:35]} Qg6+ {[%clk 0:00:21]} 37. Kf1
{[%clk 0:00:16]} Ref7 {[%clk 0:00:26]} 38. Qe1 {[%clk 0:00:07]} Rxf5 {[%clk
0:00:28]} 39. Qe8+ {[%clk 0:00:11]} Kh7 {[%clk 0:00:31]} 0-1

[Event "Campeonato de España Rapid 2017"]
[Site "Linares"]
[Date "2017.08.13"]
[Round "6"]
[White "Garcia Dorado, Alberto"]
[Black "Vila Gazquez, Xavier"]
[Result "0-1"]
[Board "20"]
[WhiteElo "2101"]
[WhiteCountry "ESP"]
[WhiteFideId "2252244"]
[WhiteEloChange "-2"]
[BlackTitle "GM"]
[BlackElo "2473"]
[BlackCountry "ESP"]
[BlackFideId "2261090"]
[BlackEloChange "1"]

1. d4 {[%clk 0:15:07]} Nf6 {[%clk 0:14:56]} 2. Nf3 {[%clk 0:15:09]} g6 {[%clk
0:14:54]} 3. c4 {[%clk 0:15:08]} Bg7 {[%clk 0:14:58]} 4. g3 {[%clk 0:15:12]} d5
{[%clk 0:14:45]} 5. cxd5 {[%clk 0:15:07]} Nxd5 {[%clk 0:14:48]} 6. Nc3 {[%clk
0:15:09]} Nb6 {[%clk 0:14:48]} 7. Bg2 {[%clk 0:15:12]} Nc6 {[%clk 0:14:33]} 8. e3
{[%clk 0:15:00]} O-O {[%clk 0:14:19]} 9. O-O {[%clk 0:15:02]} a5 {[%clk 0:14:22]}
10. Na4 {[%clk 0:13:39]} Nxa4 {[%clk 0:13:36]} 11. Qxa4 {[%clk 0:13:43]} Bf5
{[%clk 0:13:21]} 12. Bd2 {[%clk 0:13:36]} Be4 {[%clk 0:12:54]} 13. Bc3 {[%clk
0:12:54]} Qd5 {[%clk 0:11:32]} 14. Qb3 {[%clk 0:12:35]} Qxb3 {[%clk 0:10:59]} 15.
axb3 {[%clk 0:12:38]} Rfd8 {[%clk 0:09:46]} 16. Rfc1 {[%clk 0:10:30]} Ra6 {[%clk
0:08:19]} 17. Ne5 {[%clk 0:09:33]} Bxg2 {[%clk 0:08:05]} 18. Kxg2 {[%clk
0:09:37]} Bxe5 {[%clk 0:06:57]} 19. dxe5 {[%clk 0:09:40]} Kf8 {[%clk 0:06:43]}
20. Rd1 {[%clk 0:08:06]} Rxd1 {[%clk 0:06:45]} 21. Rxd1 {[%clk 0:08:10]} Ke8
{[%clk 0:06:49]} 22. Rd5 {[%clk 0:08:00]} Rb6 {[%clk 0:06:06]} 23. Bxa5 {[%clk
0:06:47]} Nxa5 {[%clk 0:05:51]} 24. Rxa5 {[%clk 0:06:51]} Rxb3 {[%clk 0:05:54]}
25. Rc5 {[%clk 0:06:46]} Kd7 {[%clk 0:04:34]} 26. Rc2 {[%clk 0:06:55]} c6 {[%clk
0:04:38]} 27. Re2 {[%clk 0:06:54]} Ke6 {[%clk 0:04:22]} 28. f4 {[%clk 0:06:57]}
Kd5 {[%clk 0:04:24]} 29. Kf3 {[%clk 0:06:55]} Rd3 {[%clk 0:04:00]} 30. Rc2 {[%clk
0:06:52]} c5 {[%clk 0:03:49]} 31. g4 {[%clk 0:06:54]} b5 {[%clk 0:03:42]} 32. h4
{[%clk 0:06:58]} c4 {[%clk 0:03:32]} 33. Ke2 {[%clk 0:06:01]} b4 {[%clk 0:02:42]}
34. f5 {[%clk 0:05:13]} gxf5 {[%clk 0:02:33]} 35. e6 {[%clk 0:04:56]} Kxe6 {[%clk
0:00:50]} 36. Rxc4 {[%clk 0:04:54]} Rb3 {[%clk 0:00:52]} 37. gxf5+ {[%clk
0:04:44]} Kxf5 {[%clk 0:00:55]} 38. Rc2 {[%clk 0:04:48]} e5 {[%clk 0:00:38]} 39.
Kf3 {[%clk 0:04:45]} e4+ {[%clk 0:00:41]} 40. Kf2 {[%clk 0:04:36]} Kg4 {[%clk
0:00:45]} 41. h5 {[%clk 0:03:39]} Kxh5 {[%clk 0:00:44]} 42. Kg3 {[%clk 0:03:43]}
Kg5 {[%clk 0:00:48]} 43. Re2 {[%clk 0:03:28]} f5 {[%clk 0:00:48]} 44. Rg2 {[%clk
0:03:30]} Rxe3+ {[%clk 0:00:47]} 45. Kf2+ {[%clk 0:03:32]} Kf4 {[%clk 0:00:51]}
0-1

[Event "Campeonato de España Rapid 2017"]
[Site "Linares"]
[Date "2017.08.13"]
[Round "6"]
[White "Almagro Llamas, Pablo"]
[Black "Gonzalez Diez, Ruben"]
[Result "1-0"]
[Board "21"]
[WhiteTitle "IM"]
[WhiteElo "2446"]
[WhiteCountry "ESP"]
[WhiteFideId "2221799"]
[WhiteEloChange "1"]
[BlackElo "2085"]
[BlackCountry "ESP"]
[BlackFideId "2251213"]
[BlackEloChange "-2"]

1. d4 {[%clk 0:15:07]} e6 {[%clk 0:15:08]} 2. c4 {[%clk 0:15:08]} f5 {[%clk
0:15:10]} 3. Nc3 {[%clk 0:15:10]} Nf6 {[%clk 0:15:13]} 4. Bf4 {[%clk 0:15:07]}
Bb4 {[%clk 0:14:52]} 5. e3 {[%clk 0:15:05]} O-O {[%clk 0:14:29]} 6. Bd3 {[%clk
0:15:00]} c5 {[%clk 0:14:11]} 7. Ne2 {[%clk 0:15:00]} d6 {[%clk 0:14:04]} 8. O-O
{[%clk 0:14:47]} Nc6 {[%clk 0:13:49]} 9. d5 {[%clk 0:13:49]} Ne5 {[%clk 0:13:40]}
10. dxe6 {[%clk 0:13:04]} Bxe6 {[%clk 0:13:07]} 11. Bg5 {[%clk 0:12:53]} Nxc4
{[%clk 0:11:11]} 12. Qc2 {[%clk 0:12:22]} Bxc3 {[%clk 0:09:25]} 13. Nxc3 {[%clk
0:10:55]} Qd7 {[%clk 0:08:53]} 14. Rad1 {[%clk 0:10:06]} Ne5 {[%clk 0:08:02]} 15.
Be2 {[%clk 0:10:09]} a6 {[%clk 0:07:13]} 16. f4 {[%clk 0:08:31]} Nc4 {[%clk
0:05:11]} 17. Rd3 {[%clk 0:07:31]} Nb6 {[%clk 0:02:04]} 18. Rfd1 {[%clk 0:07:21]}
d5 {[%clk 0:02:00]} 19. Bf3 {[%clk 0:07:18]} Rad8 {[%clk 0:02:04]} 20. h3 {[%clk
0:06:20]} Qf7 {[%clk 0:01:06]} 21. Bxf6 {[%clk 0:05:25]} gxf6 {[%clk 0:01:04]}
22. Ne2 {[%clk 0:04:53]} Qc7 {[%clk 0:00:45]} 23. Nd4 {[%clk 0:03:24]} Qd6 {[%clk
0:00:35]} 24. Nxe6 {[%clk 0:03:19]} Qxe6 {[%clk 0:00:39]} 25. Qxc5 {[%clk
0:03:13]} Kh8 {[%clk 0:00:35]} 26. Bxd5 {[%clk 0:02:56]} Nxd5 {[%clk 0:00:33]}
27. Rxd5 {[%clk 0:02:59]} Rde8 {[%clk 0:00:28]} 28. Rd7 {[%clk 0:01:28]} Rf7
{[%clk 0:00:19]} 29. Rxf7 {[%clk 0:01:25]} Qxf7 {[%clk 0:00:23]} 30. Qxf5 {[%clk
0:01:18]} Rxe3 {[%clk 0:00:22]} 31. Rd8+ {[%clk 0:01:13]} Kg7 {[%clk 0:00:24]}
32. Qg4+ {[%clk 0:01:11]} Kh6 {[%clk 0:00:18]} 33. Rg8 {[%clk 0:00:58]} Qh5
{[%clk 0:00:10]} 34. Qg7# {[%clk 0:00:44]} 1-0

[Event "Campeonato de España Rapid 2017"]
[Site "Linares"]
[Date "2017.08.13"]
[Round "6"]
[White "Korneev, Oleg"]
[Black "Centron Antuna, Daniel"]
[Result "1-0"]
[Board "22"]
[WhiteTitle "GM"]
[WhiteElo "2577"]
[WhiteCountry "ESP"]
[WhiteFideId "4156803"]
[WhiteEloChange "1"]
[BlackElo "2062"]
[BlackCountry "ESP"]
[BlackFideId "22288694"]
[BlackEloChange "-2"]

1. e4 {[%clk 0:13:10]} c5 {[%clk 0:15:08]} 2. Nf3 {[%clk 0:13:13]} e6 {[%clk
0:15:12]} 3. d4 {[%clk 0:13:17]} cxd4 {[%clk 0:15:15]} 4. Nxd4 {[%clk 0:13:22]}
Nf6 {[%clk 0:15:18]} 5. Nc3 {[%clk 0:13:26]} Bb4 {[%clk 0:15:21]} 6. e5 {[%clk
0:13:30]} Nd5 {[%clk 0:15:24]} 7. Bd2 {[%clk 0:13:33]} Nxc3 {[%clk 0:15:21]} 8.
bxc3 {[%clk 0:13:37]} Be7 {[%clk 0:15:24]} 9. Qg4 {[%clk 0:13:40]} O-O {[%clk
0:15:22]} 10. Bh6 {[%clk 0:13:44]} g6 {[%clk 0:15:26]} 11. h4 {[%clk 0:13:48]}
Qa5 {[%clk 0:14:53]} 12. Qg3 {[%clk 0:13:50]} Rd8 {[%clk 0:14:20]} 13. h5 {[%clk
0:13:54]} d6 {[%clk 0:14:05]} 14. Nb5 {[%clk 0:12:54]} Nd7 {[%clk 0:11:56]} 15.
hxg6 {[%clk 0:12:53]} fxg6 {[%clk 0:11:50]} 16. exd6 {[%clk 0:12:41]} Bf6 {[%clk
0:11:50]} 17. Bg5 {[%clk 0:10:55]} a6 {[%clk 0:10:19]} 18. Qh4 {[%clk 0:10:02]}
axb5 {[%clk 0:08:34]} 19. Qxh7+ {[%clk 0:09:30]} 1-0

[Event "Campeonato de España Rapid 2017"]
[Site "Linares"]
[Date "2017.08.13"]
[Round "6"]
[White "Montoliu Cervero, Francisco"]
[Black "Cruz Alvarez de Ron, Dan"]
[Result "1-0"]
[Board "25"]
[WhiteTitle "FM"]
[WhiteElo "2358"]
[WhiteCountry "ESP"]
[WhiteFideId "2214814"]
[WhiteEloChange "4"]
[BlackTitle "FM"]
[BlackElo "2118"]
[BlackCountry "ESP"]
[BlackFideId "2208512"]
[BlackEloChange "-4"]

1. e4 {[%clk 0:15:08]} g6 {[%clk 0:15:09]} 2. d4 {[%clk 0:15:11]} Bg7 {[%clk
0:15:13]} 3. Nc3 {[%clk 0:15:14]} d6 {[%clk 0:15:16]} 4. Be3 {[%clk 0:15:11]} Nd7
{[%clk 0:15:19]} 5. h4 {[%clk 0:14:55]} a6 {[%clk 0:15:22]} 6. h5 {[%clk
0:14:55]} b5 {[%clk 0:15:25]} 7. h6 {[%clk 0:14:48]} Bf6 {[%clk 0:15:07]} 8. a4
{[%clk 0:14:22]} b4 {[%clk 0:14:54]} 9. Nd5 {[%clk 0:14:25]} Bb7 {[%clk 0:14:58]}
10. Nxf6+ {[%clk 0:13:01]} Ngxf6 {[%clk 0:15:00]} 11. f3 {[%clk 0:13:04]} c5
{[%clk 0:14:37]} 12. g4 {[%clk 0:12:44]} O-O {[%clk 0:14:00]} 13. g5 {[%clk
0:12:38]} Ne8 {[%clk 0:14:04]} 14. Bh3 {[%clk 0:12:07]} cxd4 {[%clk 0:12:46]} 15.
Qxd4 {[%clk 0:12:06]} a5 {[%clk 0:12:42]} 16. Ne2 {[%clk 0:11:55]} Rc8 {[%clk
0:12:38]} 17. Qa7 {[%clk 0:10:24]} Qc7 {[%clk 0:11:25]} 18. Nd4 {[%clk 0:08:57]}
Ra8 {[%clk 0:10:32]} 19. Nb5 {[%clk 0:08:50]} Qc6 {[%clk 0:08:42]} 20. Qd4 {[%clk
0:08:45]} Ne5 {[%clk 0:08:37]} 21. O-O {[%clk 0:07:01]} Nc4 {[%clk 0:06:11]} 22.
Bc1 {[%clk 0:05:13]} e5 {[%clk 0:05:49]} 23. Qd3 {[%clk 0:05:01]} d5 {[%clk
0:05:26]} 24. b3 {[%clk 0:04:25]} Ncd6 {[%clk 0:05:16]} 25. exd5 {[%clk 0:04:05]}
Qxd5 {[%clk 0:05:19]} 26. Qxd5 {[%clk 0:04:06]} Bxd5 {[%clk 0:05:23]} 27. Nxd6
{[%clk 0:04:07]} Nxd6 {[%clk 0:05:26]} 28. Rd1 {[%clk 0:04:10]} Bxf3 {[%clk
0:05:14]} 29. Rxd6 {[%clk 0:04:13]} Rfd8 {[%clk 0:05:18]} 30. Rxd8+ {[%clk
0:04:15]} Rxd8 {[%clk 0:05:23]} 31. Be3 {[%clk 0:03:55]} Be4 {[%clk 0:05:17]} 32.
Rc1 {[%clk 0:03:56]} f5 {[%clk 0:05:09]} 33. gxf6 {[%clk 0:03:52]} Kf7 {[%clk
0:05:13]} 34. Bb6 {[%clk 0:03:41]} Rd2 {[%clk 0:05:07]} 35. Bxa5 {[%clk 0:03:43]}
Kxf6 {[%clk 0:04:33]} 36. Bxb4 {[%clk 0:03:39]} Rxc2 {[%clk 0:04:34]} 37. Rxc2
{[%clk 0:03:42]} Bxc2 {[%clk 0:04:38]} 38. a5 {[%clk 0:03:46]} Bxb3 {[%clk
0:04:42]} 39. a6 {[%clk 0:03:43]} e4 {[%clk 0:04:43]} 40. Bc8 {[%clk 0:03:39]}
1-0

[Event "Campeonato de España Rapid 2017"]
[Site "Linares"]
[Date "2017.08.13"]
[Round "6"]
[White "Tejedor Fuente, Enrique"]
[Black "Gonzalez Laso, Adrian"]
[Result "1/2-1/2"]
[Board "27"]
[WhiteTitle "FM"]
[WhiteElo "2313"]
[WhiteCountry "ESP"]
[WhiteFideId "2299100"]
[WhiteEloChange "-5"]
[BlackElo "2099"]
[BlackCountry "ESP"]
[BlackFideId "22223860"]
[BlackEloChange "5"]

1. e4 {[%clk 0:15:09]} e6 {[%clk 0:15:05]} 2. d4 {[%clk 0:15:08]} d5 {[%clk
0:15:05]} 3. Bd3 {[%clk 0:15:00]} dxe4 {[%clk 0:15:08]} 4. Bxe4 {[%clk 0:15:04]}
Nf6 {[%clk 0:15:12]} 5. Bf3 {[%clk 0:15:01]} Bd6 {[%clk 0:15:16]} 6. Ne2 {[%clk
0:14:54]} Nbd7 {[%clk 0:15:17]} 7. O-O {[%clk 0:14:41]} O-O {[%clk 0:15:19]} 8.
Nbc3 {[%clk 0:14:00]} c6 {[%clk 0:15:18]} 9. Ng3 {[%clk 0:13:37]} e5 {[%clk
0:13:34]} 10. d5 {[%clk 0:13:26]} cxd5 {[%clk 0:13:23]} 11. Nxd5 {[%clk 0:13:24]}
Nxd5 {[%clk 0:13:26]} 12. Qxd5 {[%clk 0:13:10]} Nf6 {[%clk 0:13:19]} 13. Qb3
{[%clk 0:12:57]} h6 {[%clk 0:12:32]} 14. Be3 {[%clk 0:11:54]} Qe7 {[%clk
0:12:34]} 15. Ne4 {[%clk 0:11:40]} Nxe4 {[%clk 0:12:26]} 16. Bxe4 {[%clk
0:11:44]} Bc5 {[%clk 0:11:42]} 17. Rfd1 {[%clk 0:10:57]} Bxe3 {[%clk 0:11:38]}
18. Qxe3 {[%clk 0:11:00]} Bg4 {[%clk 0:11:14]} 19. Rd3 {[%clk 0:10:58]} Rfc8
{[%clk 0:09:51]} 20. h3 {[%clk 0:09:43]} Be6 {[%clk 0:09:54]} 21. c3 {[%clk
0:09:08]} Rc7 {[%clk 0:09:44]} 22. b3 {[%clk 0:08:30]} f5 {[%clk 0:05:14]} 23.
Bd5 {[%clk 0:08:24]} e4 {[%clk 0:05:18]} 24. Bxe6+ {[%clk 0:07:15]} Qxe6 {[%clk
0:05:22]} 25. Rd4 {[%clk 0:07:10]} a6 {[%clk 0:05:22]} 26. c4 {[%clk 0:06:46]}
Re8 {[%clk 0:05:25]} 27. Rad1 {[%clk 0:06:12]} Qf6 {[%clk 0:04:44]} 28. Rd6
{[%clk 0:05:27]} Re6 {[%clk 0:04:35]} 29. Rd8+ {[%clk 0:04:44]} Kh7 {[%clk
0:04:37]} 30. Qf4 {[%clk 0:04:38]} Rce7 {[%clk 0:04:34]} 31. R8d5 {[%clk
0:04:33]} Re5 {[%clk 0:03:59]} 32. Kh2 {[%clk 0:03:26]} R7e6 {[%clk 0:01:58]} 33.
Rd7 {[%clk 0:03:28]} b5 {[%clk 0:01:51]} 34. cxb5 {[%clk 0:03:11]} axb5 {[%clk
0:01:55]} 35. Rb7 {[%clk 0:03:10]} Re7 {[%clk 0:01:45]} 36. Rb8 {[%clk 0:02:55]}
Qg5 {[%clk 0:00:54]} 37. Qxg5 {[%clk 0:00:11]} hxg5 {[%clk 0:00:58]} 38. a4
{[%clk 0:00:09]} bxa4 {[%clk 0:01:01]} 39. bxa4 {[%clk 0:00:14]} f4 {[%clk
0:00:50]} 40. Rd2 {[%clk 0:00:08]} Ra7 {[%clk 0:00:14]} 41. Rb4 {[%clk 0:00:09]}
e3 {[%clk 0:00:13]} 42. fxe3 {[%clk 0:00:08]} Rxe3 {[%clk 0:00:15]} 43. Rd5
{[%clk 0:00:07]} Ra3 {[%clk 0:00:10]} 44. Rdd4 {[%clk 0:00:06]} Kg6 {[%clk
0:00:13]} 45. h4 {[%clk 0:00:07]} Ra2 {[%clk 0:00:07]} 46. Kh3 {[%clk 0:00:07]}
Ra3+ {[%clk 0:00:11]} 47. Kh2 {[%clk 0:00:10]} Ra2 {[%clk 0:00:15]} 48. hxg5
{[%clk 0:00:06]} f3 {[%clk 0:00:19]} 49. Rg4 {[%clk 0:00:07]} f2 {[%clk 0:00:18]}
50. Rgf4 {[%clk 0:00:01]} R7xa4 {[%clk 0:00:08]} 51. Rxf2 {[%clk 0:00:01]} Rxf2
{[%clk 0:00:11]} 52. Rxa4 1/2-1/2

[Event "Campeonato de España Rapid 2017"]
[Site "Linares"]
[Date "2017.08.13"]
[Round "6"]
[White "Senlle Caride, Miguel"]
[Black "Delgado Alarcon, Jesus Francisco"]
[Result "1-0"]
[Board "28"]
[WhiteTitle "FM"]
[WhiteElo "2298"]
[WhiteCountry "ESP"]
[WhiteFideId "2282500"]
[WhiteEloChange "4"]
[BlackElo "2055"]
[BlackCountry "ESP"]
[BlackFideId "2272369"]
[BlackEloChange "-4"]

1. e4 {[%clk 0:15:05]} c5 {[%clk 0:15:05]} 2. Nf3 {[%clk 0:15:05]} Nc6 {[%clk
0:15:05]} 3. Nc3 {[%clk 0:15:05]} e6 {[%clk 0:15:05]} 4. d4 {[%clk 0:15:05]} cxd4
{[%clk 0:15:00]} 5. Nxd4 {[%clk 0:15:05]} Bb4 {[%clk 0:14:55]} 6. Nxc6 {[%clk
0:13:50]} bxc6 {[%clk 0:14:50]} 7. Qd4 {[%clk 0:13:50]} Bxc3+ {[%clk 0:14:35]} 8.
Qxc3 {[%clk 0:09:45]} f6 {[%clk 0:13:50]} 9. Bf4 {[%clk 0:07:59]} e5 {[%clk
0:13:25]} 10. Be3 {[%clk 0:07:59]} Ne7 {[%clk 0:13:25]} 11. Bc5 {[%clk 0:07:44]}
O-O {[%clk 0:13:10]} 12. Bd6 {[%clk 0:06:19]} Re8 {[%clk 0:13:05]} 13. O-O-O
{[%clk 0:05:33]} a5 {[%clk 0:12:51]} 14. Qc5 {[%clk 0:04:48]} Ba6 {[%clk
0:12:25]} 15. Bxa6 {[%clk 0:04:48]} Rxa6 {[%clk 0:12:25]} 16. Qc4+ {[%clk
0:04:33]} 1-0

[Event "Campeonato de España Rapid 2017"]
[Site "Linares"]
[Date "2017.08.13"]
[Round "6"]
[White "Fernandez Rodriguez, Jose A."]
[Black "Vega Gutierrez, Sabrina"]
[Result "0-1"]
[Board "29"]
[WhiteElo "2107"]
[WhiteCountry "ESP"]
[WhiteFideId "2276771"]
[WhiteEloChange "-5"]
[BlackTitle "IM"]
[BlackElo "2294"]
[BlackCountry "ESP"]
[BlackFideId "2219026"]
[BlackEloChange "5"]

1. f4 {[%clk 0:15:07]} d5 {[%clk 0:15:06]} 2. Nf3 {[%clk 0:15:10]} Nf6 {[%clk
0:15:06]} 3. g3 {[%clk 0:15:13]} c5 {[%clk 0:15:01]} 4. Bg2 {[%clk 0:15:15]} Nc6
{[%clk 0:15:09]} 5. d3 {[%clk 0:15:19]} g6 {[%clk 0:14:21]} 6. O-O {[%clk
0:15:17]} Bg7 {[%clk 0:14:25]} 7. Nc3 {[%clk 0:15:20]} O-O {[%clk 0:13:18]} 8. e4
{[%clk 0:15:20]} dxe4 {[%clk 0:13:04]} 9. dxe4 {[%clk 0:15:22]} Qxd1 {[%clk
0:12:36]} 10. Rxd1 {[%clk 0:15:25]} e5 {[%clk 0:11:44]} 11. fxe5 {[%clk 0:14:53]}
Ng4 {[%clk 0:11:24]} 12. Nd5 {[%clk 0:14:49]} Ngxe5 {[%clk 0:11:11]} 13. Nxe5
{[%clk 0:14:51]} Bxe5 {[%clk 0:11:05]} 14. c3 {[%clk 0:14:53]} Bg4 {[%clk
0:11:07]} 15. Re1 {[%clk 0:14:46]} Kg7 {[%clk 0:10:41]} 16. Be3 {[%clk 0:14:43]}
b6 {[%clk 0:10:41]} 17. Bf2 {[%clk 0:14:42]} Rae8 {[%clk 0:10:40]} 18. h3 {[%clk
0:14:42]} Be6 {[%clk 0:10:22]} 19. Rad1 {[%clk 0:14:43]} h5 {[%clk 0:10:22]} 20.
Rd3 {[%clk 0:13:49]} Rc8 {[%clk 0:08:48]} 21. Bf1 {[%clk 0:12:18]} Rfe8 {[%clk
0:08:51]} 22. Kg2 {[%clk 0:11:56]} Na5 {[%clk 0:08:42]} 23. Rd2 {[%clk 0:10:58]}
Rcd8 {[%clk 0:07:53]} 24. c4 {[%clk 0:10:56]} Nc6 {[%clk 0:07:51]} 25. Red1
{[%clk 0:10:17]} Bc8 {[%clk 0:07:29]} 26. b3 {[%clk 0:10:03]} Bd4 {[%clk
0:07:04]} 27. Bd3 {[%clk 0:09:54]} Bxf2 {[%clk 0:04:22]} 28. Rxf2 {[%clk
0:09:57]} Be6 {[%clk 0:04:07]} 29. Rdf1 {[%clk 0:09:48]} Ne5 {[%clk 0:03:54]} 30.
Be2 {[%clk 0:09:20]} Rd6 {[%clk 0:02:38]} 31. a4 {[%clk 0:09:08]} Red8 {[%clk
0:02:31]} 32. g4 {[%clk 0:07:29]} hxg4 {[%clk 0:02:21]} 33. hxg4 {[%clk 0:07:33]}
Rh8 {[%clk 0:02:15]} 34. Kg3 {[%clk 0:07:34]} g5 {[%clk 0:01:55]} 35. Rd1 {[%clk
0:06:56]} Bd7 {[%clk 0:01:57]} 36. Ne3 {[%clk 0:05:57]} Rxd1 {[%clk 0:01:54]} 37.
Bxd1 {[%clk 0:05:58]} Rh1 {[%clk 0:01:26]} 38. Kg2 {[%clk 0:04:30]} Rh4 {[%clk
0:00:47]} 39. Kg3 {[%clk 0:04:31]} Rh1 {[%clk 0:00:30]} 40. Kg2 {[%clk 0:04:34]}
Rh4 {[%clk 0:00:34]} 41. Kg3 {[%clk 0:04:20]} Be6 {[%clk 0:00:31]} 42. Rh2 {[%clk
0:03:25]} Rxh2 {[%clk 0:00:33]} 43. Kxh2 {[%clk 0:03:28]} Nd3 {[%clk 0:00:35]}
44. Kg3 {[%clk 0:03:17]} Kf6 {[%clk 0:00:39]} 45. Nd5+ {[%clk 0:03:05]} Ke5
{[%clk 0:00:38]} 46. Bc2 {[%clk 0:01:27]} Kxe4 {[%clk 0:00:22]} 47. Nf6+ {[%clk
0:01:08]} Kd4 {[%clk 0:00:24]} 48. Nh7 {[%clk 0:01:08]} Ne5 {[%clk 0:00:12]} 49.
Bd1 {[%clk 0:00:51]} Kc3 {[%clk 0:00:11]} 50. Nxg5 {[%clk 0:00:54]} Bxg4 {[%clk
0:00:08]} 51. Ne4+ {[%clk 0:00:40]} Kd4 {[%clk 0:00:08]} 52. Bxg4 {[%clk
0:00:38]} Kxe4 {[%clk 0:00:11]} 53. Bc8 {[%clk 0:00:33]} f5 {[%clk 0:00:11]} 54.
Bb7+ {[%clk 0:00:36]} Ke3 {[%clk 0:00:06]} 0-1

[Event "Campeonato de España Rapid 2017"]
[Site "Linares"]
[Date "2017.08.13"]
[Round "6"]
[White "Bernabeu Lopez, Carlos Javier"]
[Black "Fidalgo Fernandez, Javier"]
[Result "1-0"]
[Board "30"]
[WhiteTitle "FM"]
[WhiteElo "2097"]
[WhiteCountry "ESP"]
[WhiteFideId "2235366"]
[WhiteEloChange "15"]
[BlackTitle "FM"]
[BlackElo "2271"]
[BlackCountry "ESP"]
[BlackFideId "2263645"]
[BlackEloChange "-15"]

1. e4 {[%clk 0:14:36]} d6 {[%clk 0:15:08]} 2. d4 {[%clk 0:14:31]} Nf6 {[%clk
0:15:11]} 3. Nc3 {[%clk 0:14:40]} e5 {[%clk 0:15:14]} 4. Nge2 {[%clk 0:14:43]}
Be7 {[%clk 0:15:10]} 5. g3 {[%clk 0:14:47]} O-O {[%clk 0:15:06]} 6. Bg2 {[%clk
0:14:50]} c6 {[%clk 0:15:00]} 7. O-O {[%clk 0:14:51]} Nbd7 {[%clk 0:14:45]} 8. a4
{[%clk 0:14:46]} b6 {[%clk 0:14:45]} 9. h3 {[%clk 0:14:48]} Bb7 {[%clk 0:14:37]}
10. f4 {[%clk 0:14:29]} exd4 {[%clk 0:13:48]} 11. Nxd4 {[%clk 0:14:32]} Nc5
{[%clk 0:13:29]} 12. Be3 {[%clk 0:14:18]} Re8 {[%clk 0:13:31]} 13. e5 {[%clk
0:14:09]} Nd5 {[%clk 0:12:53]} 14. Nxd5 {[%clk 0:12:56]} cxd5 {[%clk 0:12:56]}
15. Qg4 {[%clk 0:12:32]} Kh8 {[%clk 0:12:58]} 16. Nf5 {[%clk 0:12:27]} Bf8 {[%clk
0:12:58]} 17. exd6 {[%clk 0:12:14]} Ne6 {[%clk 0:12:54]} 18. Rad1 {[%clk
0:11:59]} g6 {[%clk 0:12:53]} 19. Nd4 {[%clk 0:11:30]} Qxd6 {[%clk 0:12:35]} 20.
f5 {[%clk 0:10:49]} Nc5 {[%clk 0:12:32]} 21. Bf4 {[%clk 0:10:52]} Qd7 {[%clk
0:11:57]} 22. Rfe1 {[%clk 0:10:37]} Rxe1+ {[%clk 0:11:48]} 23. Rxe1 {[%clk
0:10:41]} Re8 {[%clk 0:11:39]} 24. Be5+ {[%clk 0:10:06]} Bg7 {[%clk 0:11:42]} 25.
Nf3 {[%clk 0:08:43]} f6 {[%clk 0:11:25]} 26. Bd4 {[%clk 0:08:45]} Rxe1+ {[%clk
0:11:15]} 27. Nxe1 {[%clk 0:08:49]} gxf5 {[%clk 0:11:08]} 28. Qf4 {[%clk
0:08:50]} Qe8 {[%clk 0:10:17]} 29. Nf3 {[%clk 0:08:47]} Ne6 {[%clk 0:10:04]} 30.
Qe3 {[%clk 0:08:30]} Qd7 {[%clk 0:10:00]} 31. Bc3 {[%clk 0:08:25]} Kg8 {[%clk
0:09:02]} 32. a5 {[%clk 0:08:22]} Nc5 {[%clk 0:08:11]} 33. axb6 {[%clk 0:08:13]}
axb6 {[%clk 0:08:15]} 34. Qf4 {[%clk 0:07:55]} Ne4 {[%clk 0:08:03]} 35. Bd4
{[%clk 0:07:57]} b5 {[%clk 0:07:35]} 36. Qb8+ {[%clk 0:06:54]} Bf8 {[%clk
0:07:29]} 37. Nh4 {[%clk 0:06:45]} Bc8 {[%clk 0:07:33]} 38. Qa8 {[%clk 0:05:56]}
Bb7 {[%clk 0:07:33]} 39. Qb8 {[%clk 0:05:59]} Qc8 {[%clk 0:07:23]} 40. Qf4 {[%clk
0:05:47]} Qxc2 {[%clk 0:07:07]} 41. Nxf5 {[%clk 0:05:39]} Qc6 {[%clk 0:06:13]}
42. Qg4+ {[%clk 0:05:28]} Kf7 {[%clk 0:06:09]} 43. Qh5+ {[%clk 0:05:23]} Kg8
{[%clk 0:06:13]} 44. Qg4+ {[%clk 0:05:18]} Kf7 {[%clk 0:06:11]} 45. Qh5+ {[%clk
0:05:15]} Kg8 {[%clk 0:06:07]} 46. Nh6+ {[%clk 0:05:09]} Bxh6 {[%clk 0:05:46]}
47. Qxh6 {[%clk 0:05:13]} Qc4 {[%clk 0:05:02]} 48. Bxf6 {[%clk 0:05:12]} Nxf6
{[%clk 0:04:28]} 49. Qxf6 {[%clk 0:05:16]} Qc7 {[%clk 0:04:05]} 50. Qg5+ {[%clk
0:05:19]} Kf8 {[%clk 0:04:05]} 51. Qf5+ {[%clk 0:05:18]} Qf7 {[%clk 0:04:04]} 52.
Qe5 {[%clk 0:05:08]} b4 {[%clk 0:03:31]} 53. h4 {[%clk 0:04:57]} Kg8 {[%clk
0:03:11]} 54. Bh3 {[%clk 0:04:58]} Kf8 {[%clk 0:02:25]} 55. Be6 {[%clk 0:04:59]}
Qf3 {[%clk 0:02:23]} 56. Qd6+ {[%clk 0:04:29]} Kg7 {[%clk 0:02:27]} 57. Qe7+
{[%clk 0:04:33]} Kh8 {[%clk 0:02:05]} 58. Qe8+ {[%clk 0:04:37]} Kg7 {[%clk
0:02:07]} 59. Qg8+ {[%clk 0:04:40]} 1-0